000
00242nam a2200109Ia 4500
008
190216s9999||||xx |||||||||||||| ||und||
100
_a
Gamon &eleveland
245
0
_a
Physics
260
_b
Prentice Hall
650
_a
Physics
942
_c
BK
999
_c
32691
_d
32691